000 00347nam a22001457a 4500
008 210528b ||||| |||| 00| 0 eng d
020 _a9780702026379
041 _aeng
080 _22nd
_a61
082 _a61
100 _a3
101 _aSHM
245 _aPromoting Continence a Clinical Research Resource
_cKathryn Getliffe
942 _2udc
_cBK
999 _c57778
_d57778